000 00441nam a2200181Ia 4500
003 GCL
008 140319s9999 xx 000 0 eng d
040 _aGCL /
_cGCL
082 0 4 _a843
_bM T
100 1 _aMOLIERE
245 1 0 _aLE TARTUFFE OU L'IMPOSTEUR /
_cMOLIERE
260 _a[S.N] :
_bLE LIVRE DE POCHE ،
_c1985
300 _a190 P
650 0 4 _aLITERATURE
650 0 4 _aFICTION
650 0 4 _aFRENCH LITERATURE
942 _2ddc
_cBK
999 _c25615
_d25615